Elements of mechanics of materials (Record no. 6596)

000 -LEADER
fixed length control field 00580nam a22002051 4500
001 - CONTROL NUMBER
control field 6129579
003 - CONTROL NUMBER IDENTIFIER
control field BD-DhUET
008 - FIXED-LENGTH DATA ELEMENTS--GENERAL INFORMATION
fixed length control field 730221s1966 njua b 000 0 eng
040 ## - CATALOGING SOURCE
Original cataloging agency DLC
Transcribing agency ODaWU
Modifying agency OCoLC
-- Uk
-- BD-DhUET
050 00 - LIBRARY OF CONGRESS CALL NUMBER
Classification number TA405
Item number .O37 1966
082 ## - DEWEY DECIMAL CLASSIFICATION NUMBER
Classification number 620.11
Item number OLS/1966
100 1# - MAIN ENTRY--PERSONAL NAME
Personal name Olsen, Gerner A.
245 10 - TITLE STATEMENT
Title Elements of mechanics of materials
Statement of responsibility, etc. by Gerner A. Olsen
250 ## - EDITION STATEMENT
Edition statement 2d ed.
260 ## - PUBLICATION, DISTRIBUTION, ETC. (IMPRINT)
Place of publication, distribution, etc. New Jersey
Name of publisher, distributor, etc. Prentice-Hall
Date of publication, distribution, etc. 1966
300 ## - PHYSICAL DESCRIPTION
Extent xxii, 591 p.
Other physical details illus.
Dimensions 24 cm.
504 ## - BIBLIOGRAPHY, ETC. NOTE
Bibliography, etc includes bibliographics
650 #0 - SUBJECT ADDED ENTRY--TOPICAL TERM
Topical term or geographic name as entry element Strength of materials
942 ## - ADDED ENTRY ELEMENTS (KOHA)
Koha item type General Book
Holdings
Koha full call number Sublocation or collection (holding branch) Koha item type Koha issues (times borrowed) Date acquired Price effective from Lost status Location (home branch) Not for loan Shelving location Koha normalized classification for sorting Source of classification or shelving scheme Piece designation (barcode) Copy number Withdrawn status Koha date last seen Koha date last borrowed Damaged status
620.11 /OLS/1966Central Library, BUETContented Book  2014-12-042014-12-04 Central Library, BUET Circulation section620_110000000000000_OLS_1966 2922128 2014-12-04  
620.11 /OLS/1966Central Library, BUETContented Book 12014-12-042014-12-04 Central Library, BUET Circulation section620_110000000000000_OLS_1966 2921623 2018-12-042018-11-20 
620.11/OLS/1966Central Library, BUETContented Book 12014-12-042014-12-04 Central Library, BUET Circulation section620_110000000000000_OLS_1966 2920613 2022-10-012022-08-29 
620.11/OLS/1966Central Library, BUETContented Book  2014-12-042014-12-04 Central Library, BUET Circulation section620_110000000000000_OLS_1966 198464 2014-12-04  
620.11/OLS/1966Central Library, BUETContented Book 12014-12-042014-12-04 Central Library, BUET Circulation section620_110000000000000_OLS_1966 524061 2022-07-232022-06-20 
620.11/OLS/1966Central Library, BUETReading Item 2015-06-162015-06-16 Central Library, BUET Reading section620_110000000000000_OLS_1966 139176 2015-06-16  
620.11/OLS/1966Central Library, BUETReading Item 2015-06-292015-06-29 Central Library, BUET Reading section620_110000000000000_OLS_1966 292278 2015-06-29